Les Meilleurs buteurs de la Premier League 2010-2011 - Statistiques

Statistiques générales
  • Ce quiz a été pris 69 fois
  • Le résultat moyen est 5 sur 11
Statistiques - réponses
Buts Nationalité Club Joueur % Correct
18 Pays-Bas Arsenal Robin van Persie
94%
20 Bulgarie Manchester United Dimitar Berbatov
88%
20 Argentine Manchester City Carlos Tévez
76%
13 Mexique Manchester United Javier Hernández
71%
13 France Chelsea Florent Malouda
47%
13 Pays-Bas Liverpool FC Dirk Kuyt
41%
13 Angleterre Newcastle/Liverpool Andrew Carroll
30%
13 Pays-Bas Tottenham Hotspur Rafael van der Vaart
21%
17 Angleterre Sunderland/Aston Villa Darren Bent
8%
15 Nigéria West Bromwich Albion Peter Odemwingie
5%
13 Angleterre Blackpool FC DJ Campbell
0%
Aucun quiz correspondant
Distribution des résultats
% des personnes avec chaque résultat
Percentile par nombre de réponses
Votre historique - résultats
Vous n’avez pas pris ce quiz